000 00569cam a22002291 4500
001 sa 65001954
003 DLC
005 20260227112112.0
008 891031s1964 ii b 000 0 gujo
010 _asa 65001954
035 _a(OCoLC)20578025
040 _aDLC
_cWaU
_dDLC
042 _apremarc
050 0 0 _aPK1850.9
_b.B4
100 1 _aBeṭāī, Sundarajī,
_d1904-
245 1 0 _aSuvarṇamegha.
260 _c[1964]
300 _a17, 309 p.
_c19 cm.
500 _aIn Gujarati.
504 _aBibliography : p.[307]-309.
650 0 _aGujarati literature.
999 _c62331
_d62331